000 00446nab a2200145Ia 4500
003 ES-SlBCS
005 20220121011005.0
008 140529s1985 xxu||||| |||| 00| 0 por d
041 _apor
100 1 _aCapalbo, Creusa
_9185547
245 0 2 _aA Fenomenologia no Pensamento de K. Jaspers
_c Creusa Capalbo
600 1 0 _aJaspers, Karl
_d1883-1969
_994729
773 0 _tPresença Filosofica
_gvol. 11, nº. 1, 1985, págs. 74-93
_wRev966
942 _cAR
999 _c602702
_d602702